Personnages de one piece avec les cheveux roses - Statistiques

Statistiques générales
  • Ce quiz a été pris 166 fois
  • Le résultat moyen est 10 sur 14
Statistiques - réponses
Hint Réponse % Correct
gladiatrice très dénudée Rebecca
96%
Grosse maman Charlotte Linlin
93%
Princesse pleurnicheuse Shirahoshi
83%
il a un des meilleurs glow up de one piece (seul mec qui a les cheveux roses) Koby
82%
Phacochère qui veut marier tout le monde Charlotte Laura
81%
gothique chic Perona
75%
Marine qui parle d'elle-même à la troisième personne Hina
74%
Sœur jumelle du phacochère Charlotte Chiffon
73%
A roulé une pelle à Luffy Vinsmoke Reiju
72%
Chanteuse Uta
70%
Elle aime trop les pizzas Boney
57%
In love de la marionnette unijambiste Scarlett
47%
Ministre du beurre (et de l'argent du beurre) Charlotte Galette
45%
Elle a vu son père se faire tuer sous ses yeux Toko
19%
Aucun quiz correspondant
Distribution des résultats
% des personnes avec chaque résultat
Percentile par nombre de réponses
Votre historique - résultats
Vous n’avez pas pris ce quiz